[Event "Rheinland Pfalz op 5th"]
[Site "Worms"]
[Date "2013.05.30"]
[Round "1"]
[White "Kessler, Andreas"]
[Black "Tresch, Lukas"]
[Result "1-0"]
[WhiteElo "2181"]
[BlackElo "1711"]
[PlyCount "101"]
[EventDate "2013.05.30"]
[EventType "swiss"]
[EventRounds "7"]
[EventCountry "GER"]
[SourceTitle "EXT 2014"]
[Source "ChessBase"]
[SourceDate "2013.11.20"]
[SourceVersion "1"]
[SourceVersionDate "2013.11.20"]
[SourceQuality "1"]

1. c4 e5 2. g3 Nf6 3. Bg2 Nc6 4. Nc3 Bb4 5. Qa4 0-0 6. Bxc6 Bxc3 7. Bg2 Bd4 8. Nf3 Re8 9. 0-0 c6 10. Nxd4 exd4 11. c5 d5 12. Qxd4 Rxe2 13. d3 Bf5 14. Be3 Ng4 15. Rfe1 Rxe1+ 16. Rxe1 Qd7 17. Bd2 Re8 18. h3 Rxe1+ 19. Bxe1 Nf6 20. g4 Bg6 21. f4 h6 22. f5 Bh7 23. Bh4 Ne8 24. Qe3 Nc7 25. Bg3 Ne8 26. Bf4 Nf6 27. Qe5 Ne8 28. Qb8 a6 29. Qe5 Kf8 30. Kf2 Kg8 31. Bf3 Kf8 32. b4 Kg8 33. Ke3 Kf8 34. Kd4 Kg8 35. Kc3 Kf8 36. Kb3 Kg8 37. Ka4 Kf8 38. Qb8 Ke7 39. Ka5 Qd8+ 40. Qxd8+ Kxd8 41. Kb6 Kc8 42. a4 Nf6 43. Ka7 Nd7 44. Be2 h5 45. d4 hxg4 46. hxg4 g6 47. fxg6 Bxg6 48. g5 Bf5 49. Bh5 Be6 50. Bd6 Bf5 51. Bxf7 1-0

[Event "Zweibruecken PSB-ch op 82nd"]
[Site "Zweibruecken"]
[Date "2013.03.23"]
[Round "3"]
[White "Kessler, Andreas"]
[Black "De Silva, Joel Niels"]
[Result "1/2-1/2"]
[WhiteElo "2143"]
[BlackElo "1842"]
[PlyCount "103"]
[EventDate "2013.??.??"]
[EventType "swiss"]
[EventRounds "5"]
[EventCountry "GER"]
[SourceTitle "EXT 2014"]
[Source "ChessBase"]
[SourceDate "2013.11.20"]
[SourceVersion "1"]
[SourceVersionDate "2013.11.20"]
[SourceQuality "1"]

1. d4 d5 2. Nc3 Nf6 3. Bg5 Bf5 4. e3 Nbd7 5. Bd3 Bg6 6. Nge2 e6 7. h3 a6 8. 0-0 Be7 9. Bf4 c5 10. Bxg6 hxg6 11. Qd2 cxd4 12. exd4 b5 13. a3 Nb6 14. b3 Rc8 15. Qd3 Nbd7 16. Ra2 Nh7 17. Re1 g5 18. Bd2 Nhf8 19. Nd1 Ng6 20. a4 Rb8 21. Ne3 Nf6 22. f3 Nh5 23. Nf1 Nhf4 24. Nxf4 Nxf4 25. Bxf4 gxf4 26. axb5 axb5 27. c3 0-0 28. b4 Qc7 29. Rea1 Bf6 30. Nd2 Rfc8 31. Rc2 Ra8 32. Rb1 Ra3 33. Rbc1 Qb6 34. Kf1 Rca8 35. Rb1 Ra1 36. Rcc1 R1a2 37. Nb3 e5 38. Rd1 Re8 39. Re1 Bh4 40. Re2 e4 41. fxe4 dxe4 42. Rxe4 Rf2+ 43. Kg1 Rxg2+ 44. Kxg2 Qg6+ 45. Kh1 Rxe4 46. Nc5 Re3 47. Qxg6 fxg6 48. Rf1 Rxh3+ 49. Kg2 Rg3+ 50. Kh2 Rxc3 51. Ne4 Rc2+ 52. Kh3 1/2-1/2

[Event "Luxembourg-chT 1213"]
[Site "Luxembourg"]
[Date "2013.03.03"]
[Round "10"]
[White "Kessler, Andreas"]
[Black "Mauquoi, Rudi"]
[Result "1-0"]
[WhiteElo "2135"]
[BlackElo "2031"]
[PlyCount "169"]
[EventDate "2012.10.??"]
[EventType "team-tourn"]
[EventRounds "10"]
[EventCountry "LUX"]
[SourceTitle "EXT 2017"]
[Source "ChessBase"]
[SourceDate "2016.10.25"]
[SourceVersion "1"]
[SourceVersionDate "2016.10.25"]
[SourceQuality "1"]

1. d4 Nf6 2. Bg5 g6 3. Nc3 d5 4. e3 Bg7 5. Bd3 0-0 6. h3 Nbd7 7. Nf3 c6 8. 0-0 Re8 9. Bf4 Nh5 10. Bh2 e5 11. Be2 e4 12. Ne5 Nxe5 13. Bxh5 Qg5 14. Be2 Bxh3 15. Bg3 h5 16. gxh3 h4 17. dxe5 hxg3 18. f4 exf3 19. Rxf3 Bxe5 20. Qd3 Rad8 21. Nd1 Kg7 22. Kg2 Rh8 23. Rf4 Bxf4 24. exf4 Qxf4 25. Qxg3 Qd2 26. Qc3+ Qxc3 27. Nxc3 Rh4 28. Kg3 Rdh8 29. Bf1 Rb4 30. b3 Re8 31. Ne2 Rbe4 32. Kf2 f5 33. Rd1 Kf6 34. Rd2 g5 35. Bg2 Re3 36. Bf3 R3e7 37. Rd4 Rh8 38. Bg2 Rhe8 39. Bf3 Rh8 40. Kg2 Reh7 41. Ng1 Ke5 42. c3 g4 43. hxg4 Rh2+ 44. Kg3 fxg4 45. Bg2 R2h7 46. Rxg4 Rf8 47. c4 dxc4 48. Nf3+ Kd6 49. Rxc4 Re7 50. Kf2 Rfe8 51. Rc2 Kc7 52. Bf1 Rf8 53. Be2 Kb6 54. Rc3 Rfe8 55. Bf1 Kc7 56. a3 Kb6 57. Bc4 Kc7 58. b4 a6 59. Bf1 Kb6 60. Bc4 a5 61. Rb3 axb4 62. axb4 Kc7 63. Bf1 Kb6 64. b5 cxb5 65. Bxb5 Rf8 66. Bf1+ Kc5 67. Rb5+ Kd6 68. Bd3 Ref7 69. Be4 Rb8 70. Ke3 Rc7 71. Kd4 Rc1 72. Nd2 Ke6 73. Bxb7 Rd8+ 74. Bd5+ Ke7 75. Ke5 Rd1 76. Rb2 Re1+ 77. Ne4 Rd1 78. Be6 Re1 79. Rb7+ Ke8 80. Bf5 Ra8 81. Rb5 Ra4 82. Rb6 Ke7 83. Rb7+ Kd8 84. Rd7+ Ke8 85. Rc7 1-0

[Event "Luxembourg-chT 1112"]
[Site "Luxembourg"]
[Date "2012.04.10"]
[Round "7"]
[White "Linster, Philippe"]
[Black "Kessler, Andreas"]
[Result "1-0"]
[WhiteElo "2125"]
[BlackElo "2135"]
[PlyCount "105"]
[EventDate "2011.10.??"]
[EventType "team-tourn"]
[EventRounds "10"]
[EventCountry "LUX"]
[SourceTitle "EXT 2017"]
[Source "ChessBase"]
[SourceDate "2016.10.25"]
[SourceVersion "1"]
[SourceVersionDate "2016.10.25"]
[SourceQuality "1"]

1. e4 e6 2. d4 d5 3. Nc3 Bb4 4. e5 c5 5. a3 cxd4 6. axb4 dxc3 7. bxc3 Qc7 8. Nf3 Ne7 9. Bd3 Nd7 10. 0-0 h6 11. Re1 Qxc3 12. Bd2 Qc7 13. Nd4 0-0 14. Qg4 Kh8 15. Qh5 Ng8 16. Nb5 Qb8 17. Nd6 g6 18. Bxg6 fxg6 19. Qxg6 Qc7 20. Nf7+ Rxf7 21. Qxf7 Qxc2 22. Re3 Qh7 23. Qxe6 Nb6 24. Qd6 Nc4 25. Qxd5 Nxe3 26. Bxe3 Qd7 27. Qe4 Qf5 28. Qh4 Kh7 29. Qd8 Qd7 30. Rd1 Qxd8 31. Rxd8 a5 32. bxa5 Ne7 33. Re8 Nc6 34. f4 Nxa5 35. f5 Nc4 36. Bd4 Ne3 37. Bxe3 Ra1+ 38. Kf2 Bxf5 39. Re7+ Kg8 40. Bxh6 Be4 41. Ke3 Bd5 42. Kf4 Ra2 43. g4 Rxh2 44. Kg5 Bf3 45. Rg7+ Kh8 46. e6 Bxg4 47. Re7 Bf3 48. Bg7+ Kg8 49. Be5 Rg2+ 50. Kh6 Kf8 51. Rf7+ Ke8 52. Bd6 Rg8 53. Rxf3 1-0

[Event "SVR-ch MTA 35th"]
[Site "Nickenich"]
[Date "2012.04.05"]
[Round "7"]
[White "Kessler, Andreas"]
[Black "Reifenroether, Michael"]
[Result "1/2-1/2"]
[WhiteElo "2109"]
[BlackElo "2031"]
[PlyCount "57"]
[EventDate "2012.03.30"]
[EventType "tourn"]
[EventRounds "9"]
[EventCountry "GER"]
[SourceTitle "EXT 2013"]
[Source "ChessBase"]
[SourceDate "2012.11.22"]
[SourceVersion "1"]
[SourceVersionDate "2012.11.22"]
[SourceQuality "1"]

1. d4 g6 2. Nf3 Bg7 3. g3 b6 4. Bg2 Bb7 5. e3 Nh6 6. c3 e6 7. Nbd2 f5 8. b3 Qe7 9. Bb2 Nf7 10. Qc2 e5 11. dxe5 Nxe5 12. 0-0 Nxf3+ 13. Bxf3 Bxf3 14. Nxf3 Nc6 15. c4 Bxb2 16. Qxb2 0-0-0 17. a4 a5 18. Rad1 Rhf8 19. Qb1 Rde8 20. Rd5 d6 21. Rfd1 Qe4 22. Nd2 Qxb1 23. Nxb1 Nb4 24. R5d4 Na6 25. Nc3 Nc5 26. Rb1 Kd7 27. h4 Kc6 28. Kg2 Rf7 29. Rb2 1/2-1/2